000 00431nam a22001697a 4500
005 20180327110340.0
008 160611b xxu||||| |||| 00| 0 eng d
020 _a9780070598690
041 _aeng
082 _b6957
_a338.88
100 _aHill, Charles W.L.
_94238
245 _aInternational Business: Competing the Global Marketplace
260 _aNew Delhi
_bTMH
300 _a694
650 _aManagement
_9241
942 _cBK
999 _c2421
_d2420